00529cam5a220016900 4500001001200000008004100012035002000053040000900073245006200082260002600144520006600170650002100236650005100257949002700308004000700335999001700342zam00008851970717n xx eng u a(Sirsi) r138851 dUPRA00aCollected evaluation reports of UNICEF assisted projects. aLusaka :bIAS,c1985. aContains evaluation reports of nine UNICEF-assisted projects. 4aHealth.6S7127.1 4aZambia -- Health.xZambia -- Health.6S75226.110mINESORtBOOKlON-SHELF138851 c27391d27391